Coronavirus criminals and pandemic profiteers : accountability for those who caused the crisis /

Bibliographic Details
Main Author: Nichols, John, 1959- (Author)
Corporate Author: ProQuest (Firm)
Format: eBook
Language:English
Published: London ; New York : Verso, 2022.
Subjects:
Online Access:Connect to the full text of this electronic book

MARC

Tag First Indicator Second Indicator Subfields
LEADER 00000nam a22000001i 4500
001 in00004558613
003 OCoLC
005 20220218060427.6
006 m |o d |
007 cr |n|||||||||
008 220218t20222022enk eob 001 0 eng d
024 8 |a 40030983118 
035 |a (OCoLC)1295808760 
040 |a NhCcYBP  |b eng  |e rda  |e pn  |c NhCcYBP 
020 |a 9781839764240 (electronic bk.) 
020 |a 1839764244 (electronic bk.) 
020 |z 9781839763779 
020 |z 1839763779 
020 |z 1839764252 
020 |z 9781839764257 
043 |a n-us--- 
050 4 |a JF1525.A26  |b N53 2022 
082 0 4 |a 352.3/50973  |2 23/eng/20211105 
100 1 |a Nichols, John,  |d 1959-  |e author. 
245 1 0 |a Coronavirus criminals and pandemic profiteers :  |b accountability for those who caused the crisis /  |c John Nichols. 
264 1 |a London ;  |a New York :  |b Verso,  |c 2022. 
264 4 |c Â©2022 
300 |a 1 online resource (xv, 320 pages.) : 
336 |a text  |b txt  |2 rdacontent 
337 |a computer  |b c  |2 rdamedia 
338 |a online resource  |b cr  |2 rdacarrier 
504 |a Includes bibliographical references and index. 
505 0 |a Preface: Accountability is a dish best served fresh, and hot -- Introduction: In the name of Mike Jackson -- The killing presidency of Donald Trump -- Mike Pence: Yes-man of the Apocalypse -- The grounding of Jared Kushner -- The unmasking of Mark Meadows -- Mike Pompeo's cold war against science and solidarity -- How Betsy DeVos tried to leverage a pandemic to privatize public education -- Elaine Chao let them die -- Mitch McConnell's fatal bargain -- How Rand Paul got Covid-19 wrong, wrong, and wrong again -- Have another shot of hydroxychloriquine, Ron Johnson -- The Kristi Noem nightmare -- Ron DeSantis's imperial overreach -- Andrew Cuomo's broken halo -- The deadly delusions of Wisconsin Supreme Court justice Rebecca Bradley -- That time Rahm Emanuel offshored America's ability to fight a pandemic -- Pfizer's vaccine profiteering -- Drowning Grover Norquist's anti-government delusion in the bathtub of his own hypocrisy -- The pandemic profiteering of Jeffrey Preston Bezos -- Conclusion: The United States of impunity. 
588 |a Description based on print version record. 
650 0 |a Government accountability  |z United States. 
650 0 |a COVID-19 Pandemic, 2020-  |x Economic aspects  |z United States. 
650 0 |a COVID-19 Pandemic, 2020-  |x Political aspects  |z United States. 
650 7 |a Economics.  |2 fast  |0 (OCoLC)fst00902116 
650 7 |a Government accountability.  |2 fast  |0 (OCoLC)fst01746414 
651 7 |a United States.  |2 fast  |0 (OCoLC)fst01204155 
655 7 |a Electronic books.  |2 local 
710 2 |a ProQuest (Firm) 
776 1 8 |i Online version:  |a Nichols, John.  |t Coronavirus criminals and pandemic profiteers.  |d London : New York : Verso, 2022  |z 9781839764240  |w (DLC) 2021048531 
776 1 8 |c Original  |z 9781839763779  |z 1839763779  |z 1839764252  |z 9781839764257  |w (DLC) 2021048530  |w (OCoLC)1283899529 
856 4 0 |u https://ebookcentral.proquest.com/lib/tamucs/detail.action?docID=6839910  |z Connect to the full text of this electronic book  |t 0 
945 |b 218603 
955 |a YBP purchased approval e-records 
980 |b ebook  |c 40030983118  |f NONFIC/B  |g 565751  |k USD  |m 54.95  |q 1  |s AcqMono Conventional  |t Approval plan  |u Vendor order reference number  |v ZYBP  |y E-approvals  |z Electronic resource 
999 f f |i 176e92be-8398-48a5-99f1-ffedd6d5a119  |s 681f0e92-1415-4501-8657-95caf789a3db  |t 0 
952 f f |a Texas A&M University  |b College Station  |c Electronic Resources  |s www_evans  |d Available Online  |t 0  |e JF1525.A26 N53 2022